| 000 | 00795cam a2200217 a 4500 | ||
|---|---|---|---|
| 001 | 13000619 | ||
| 005 | 20201124143022.0 | ||
| 008 | 021113s2003 njua b 001 0 eng | ||
| 010 | _a 2002727981 | ||
| 020 | _a0132023229 | ||
| 040 |
_aDLC _cDLC _dDLC |
||
| 050 | 0 | 0 |
_aTK5105.59 _b.S713 2003 |
| 082 | 0 | 0 |
_a005.8 _221 _bSTA |
| 245 | 1 | 0 |
_aCryptography and Network Security : _bPrinciples and Practice / _cWilliam Stallings. |
| 250 |
_a4th ed. _bPearson international ed. |
||
| 260 |
_aUpper Saddle River, N.J. : _bPrentice Hall, _cc2006. |
||
| 300 |
_axiv, 680 p. : _bill. ; _c24 cm. |
||
| 504 | _aIncludes bibliographical references and index. | ||
| 942 |
_2ddc _cBB |
||
| 999 |
_c11089 _d11089 |
||